<?xml version="1.0" encoding="UTF-8"?>
<record
    xmlns:xsi="http://www.w3.org/2001/XMLSchema-instance"
    xsi:schemaLocation="http://www.loc.gov/MARC21/slim http://www.loc.gov/standards/marcxml/schema/MARC21slim.xsd"
    xmlns="http://www.loc.gov/MARC21/slim">

  <leader>01414nam a2200277 a 4500</leader>
  <controlfield tag="001">66220</controlfield>
  <controlfield tag="003">BD-RjUL</controlfield>
  <controlfield tag="005">20211209081519.0</controlfield>
  <controlfield tag="008">170315s1960    pk       s   o00| 0 eng  </controlfield>
  <datafield tag="035" ind1=" " ind2=" ">
    <subfield code="a">(BD-RjUL)66350</subfield>
  </datafield>
  <datafield tag="040" ind1=" " ind2=" ">
    <subfield code="a">DLC</subfield>
    <subfield code="c">DLC</subfield>
    <subfield code="d">DLC</subfield>
    <subfield code="d">BD-RjUL</subfield>
    <subfield code="b">eng</subfield>
  </datafield>
  <datafield tag="041" ind1=" " ind2=" ">
    <subfield code="a">eng</subfield>
  </datafield>
  <datafield tag="082" ind1=" " ind2=" ">
    <subfield code="a">630.9549021</subfield>
    <subfield code="2">23</subfield>
    <subfield code="b">CAM 1960 (VSWP)</subfield>
  </datafield>
  <datafield tag="110" ind1=" " ind2=" ">
    <subfield code="a">West Pakistan (Pakistan). </subfield>
    <subfield code="b"> Bureau of Statistics. Planning and Development Department.</subfield>
    <subfield code="9">195987</subfield>
  </datafield>
  <datafield tag="245" ind1="1" ind2="0">
    <subfield code="a">Village statistics of West Pakistan : </subfield>
    <subfield code="b">District Campbellpur: population area, cultivated area, wheat area, cotton area   / </subfield>
    <subfield code="c">West Pakistan (Pakistan).  Bureau of Statistics. Planning and Development Department.</subfield>
  </datafield>
  <datafield tag="246" ind1=" " ind2=" ">
    <subfield code="a">Village statistics of Campbellpur District: </subfield>
    <subfield code="b">West Pakistan </subfield>
  </datafield>
  <datafield tag="260" ind1=" " ind2=" ">
    <subfield code="a">Lahore :</subfield>
    <subfield code="b"> Bureau of Statistics, Planning and Development Dept., </subfield>
    <subfield code="c">1960</subfield>
  </datafield>
  <datafield tag="300" ind1=" " ind2=" ">
    <subfield code="a">vii, 66 p. :</subfield>
    <subfield code="b">Ill. ;</subfield>
    <subfield code="c">29 cm.</subfield>
  </datafield>
  <datafield tag="500" ind1=" " ind2=" ">
    <subfield code="a">"Title also in Urdu" English and Urdu.</subfield>
  </datafield>
  <datafield tag="500" ind1=" " ind2=" ">
    <subfield code="a">"Text : English and Urdu."</subfield>
  </datafield>
  <datafield tag="650" ind1=" " ind2=" ">
    <subfield code="a">Villages</subfield>
    <subfield code="z">Pakistan </subfield>
    <subfield code="z">West Pakistan   </subfield>
    <subfield code="z">Campbellpur District   </subfield>
    <subfield code="v">Statistics.</subfield>
    <subfield code="y">1946-47 -1956-57</subfield>
    <subfield code="9">195959</subfield>
  </datafield>
  <datafield tag="650" ind1=" " ind2=" ">
    <subfield code="a">Agriculture  </subfield>
    <subfield code="z">Pakistan </subfield>
    <subfield code="z">West Pakistan </subfield>
    <subfield code="z">Campbellpur District    </subfield>
    <subfield code="v">Statistics. </subfield>
    <subfield code="y">1946-47 -1956-57</subfield>
    <subfield code="9">195960</subfield>
  </datafield>
  <datafield tag="651" ind1=" " ind2=" ">
    <subfield code="a">Pakistan </subfield>
    <subfield code="z">West Pakistan </subfield>
    <subfield code="v">Statistics.</subfield>
    <subfield code="y">1946-47 -1956-57</subfield>
    <subfield code="9">195961</subfield>
  </datafield>
  <datafield tag="651" ind1=" " ind2=" ">
    <subfield code="a">Pakistan</subfield>
    <subfield code="z">West Pakistan</subfield>
    <subfield code="z">Campbellpur District</subfield>
    <subfield code="x">Population</subfield>
    <subfield code="v">Statistics</subfield>
    <subfield code="y">1951</subfield>
    <subfield code="9">193539</subfield>
  </datafield>
  <datafield tag="942" ind1=" " ind2=" ">
    <subfield code="2">ddc</subfield>
    <subfield code="c">RAR</subfield>
  </datafield>
  <datafield tag="999" ind1=" " ind2=" ">
    <subfield code="c">66220</subfield>
    <subfield code="d">66220</subfield>
  </datafield>
  <datafield tag="952" ind1=" " ind2=" ">
    <subfield code="0">0</subfield>
    <subfield code="1">0</subfield>
    <subfield code="2">ddc</subfield>
    <subfield code="4">0</subfield>
    <subfield code="7">1</subfield>
    <subfield code="8">RARE</subfield>
    <subfield code="a">RUCL</subfield>
    <subfield code="b">RUCL</subfield>
    <subfield code="c">Rare</subfield>
    <subfield code="d">2017-03-15</subfield>
    <subfield code="l">0</subfield>
    <subfield code="o">RA 630.9549021 CAM 1960(VSWP)</subfield>
    <subfield code="r">2017-03-15 00:00:00</subfield>
    <subfield code="t">C-1</subfield>
    <subfield code="w">2017-03-15</subfield>
    <subfield code="y">RAR</subfield>
  </datafield>
</record>
